| 000 | 00484nam a22001817a 4500 | ||
|---|---|---|---|
| 003 | CEME | ||
| 005 | 20210628202809.0 | ||
| 008 | 210127b xxu||||| |||| 00| 0 eng d | ||
| 020 | _a0-7494-3878-9 | ||
| 040 | _c. | ||
| 082 | _a658 CES | ||
| 100 |
_aCeserani, Jonne _961673 |
||
| 245 | _aBig ideas;puting the zest into creativity and innovation at work | ||
| 260 |
_aUSA _bKOGAN PAGE _c2003 |
||
| 300 | _aVII,197P | ||
| 650 |
_aORGANIZATIONAL MANAGEMENT _925463 |
||
| 942 |
_cBK _2ddc |
||
| 999 |
_c571048 _d571048 |
||